Statistics for Countries "Ruled" by Queen Elizabeth II

Click here to take the quiz!

General Stats

  • This quiz has been taken 15,287 times
    (14,075 since last reset)
  • The average score is 10 of 16

Answer Stats

Country % Correct
United Kingdom
93%
Australia
93%
Canada
89%
New Zealand
88%
Bahamas
61%
Jamaica
61%
Barbados
60%
Antigua and Barbuda
58%
St. Kitts and Nevis
57%
St. Lucia
55%
St. Vincent and the Grenadines
53%
Grenada
46%
Tuvalu
42%
Belize
42%
Solomon Islands
39%
Papua New Guinea
32%

Score Distribution

Percentile by Number Answered

Percent of People with Each Score

Your Score History

You have not taken this quiz since the last reset